ULTIMATE SHOWDOWN PART 2 Quiz Stats

 Plays Quiz not verified by Sporcle

Challenge
Share
Tweet
Embed
Score 0/141 Timer 15:00
0 Plays Today
LYRICS % Correct
a
89.3%
a
89.3%
a
89.3%
and
89.3%
and
89.3%
a
89.3%
and
89.3%
and
89.3%
and
89.3%
and
89.3%
and
89.3%
and
89.3%
the
89.3%
and
89.3%
a
89.3%
the
89.3%
and
89.3%
a
89.3%
to
81.3%
to
81.3%
of
78.7%
of
78.7%
in
77.3%
in
77.3%
in
77.3%
out
72%
out
72%
on
72%
out
72%
he
70.7%
he
70.7%
he
70.7%
he
70.7%
he
70.7%
it
70.7%
he
70.7%
he
70.7%
it
70.7%
he
70.7%
godzilla
69.3%
like
69.3%
his
69.3%
his
69.3%
his
69.3%
godzilla
69.3%
his
69.3%
his
69.3%
LYRICS % Correct
took
68%
prime
68%
took
68%
with
68%
took
68%
with
68%
with
68%
prime
68%
optimus
66.7%
batman
66.7%
was
66.7%
batman
66.7%
optimus
66.7%
bite
65.3%
bite
65.3%
then
65.3%
came
65.3%
then
65.3%
jackie
65.3%
chan
65.3%
came
65.3%
jackie
65.3%
chan
65.3%
then
65.3%
back
64%
back
64%
back
64%
jumped
62.7%
lincoln
62.7%
jumped
62.7%
lincoln
62.7%
shaq
61.3%
when
61.3%
abraham
61.3%
but
61.3%
did
61.3%
abraham
61.3%
but
61.3%
mcgruff
60%
crime
60%
tire
60%
track
60%
for
60%
air
60%
tried
60%
air
60%
got
60%
LYRICS % Correct
scruff
58.7%
covered
58.7%
landed
58.7%
get
58.7%
pole
58.7%
they
58.7%
they
58.7%
bear
58.7%
jones
57.3%
fist
57.3%
vault
57.3%
care
57.3%
steady
56%
machete
56%
indiana
56%
shot
56%
missed
56%
stare
56%
him
54.7%
whip
54.7%
up
54.7%
gun
54.7%
which
54.7%
hit
54.7%
just
53.3%
collided
53.3%
couldnt
52%
both
52%
by
52%
from
50.7%
find
50.7%
onto
50.7%
injured
49.3%
trying
49.3%
cause
49.3%
deflected
49.3%
somersault
49.3%
saw
48%
reached
48%
stole
48%
tripped
46.7%
something
45.3%
caught
45.3%
leg
44%
behind
42.7%
while
42.7%
sneaking
41.3%

You're not logged in!

Compare scores with friends on all Sporcle quizzes.
Join for Free
OR
Log In

You Might Also Like...

Show Comments

Extras

Created Dec 3, 2009ReportNominate
Tags:Lyrics Quiz, showdown, ultimate

Top Quizzes Today


Score Distribution

Your Account Isn't Verified!

In order to create a playlist on Sporcle, you need to verify the email address you used during registration. Go to your Sporcle Settings to finish the process.

Report this User

Report this user for behavior that violates our Community Guidelines.

Details: